01114nam a2200265Ia 4500003000900000008004100009020001800050040001600068080001900084111009100103245022900194260003800423300002300461650004100484650001400525650002800539650001600567650002500583700002600608700002900634700003400663942000700697999001700704952012700721IN-BaIIA211028s9999 xx 000 0 eng d a981-02-1684-X cIIA Library a53(082.1)bNEW aKazimierz Meeting on Elementary pticle Physicsn16thcKazimierzd1993 May 24-28919379 0aNew Physics with new experimentsbproceedings of XVI Kazimierz meeting on elementary pt.icle Physics, held in Kazimierz, Poland, 24-28 May 1993cedited by Z. Ajduk..[et.al]  aSingaporebWorld Scientificc1994 a[various pagings.] aAstronomy and Astrophysics thesaurus aCosmology aNeutrino Physics915442 aPhysics973 apticle Physics92818 aAjduk, Z., ed.919380 aPokorski, S., ed.919381 aWroblewski, A. K., ed.919382 cBK c11301d11301 00104070aBANbBANcGENd1995-03-20g2780.80l0o53(082.1)/ NEWp12216r2021-11-05v2780.80w1995-03-20yBKGRs. 2780.80